| 000 | 01149nam a2200301Ia 4500 | ||
|---|---|---|---|
| 003 | OSt | ||
| 005 | 20220930072759.0 | ||
| 006 | a|||||r|||| 00| 0 | ||
| 007 | ta | ||
| 008 | 220926b |||||||| |||| 00| 0 eng d | ||
| 024 | _a24933 | ||
| 037 | _cTheses | ||
| 040 |
_aCRL _cCRL _beng |
||
| 041 |
_2eng _aeng |
||
| 100 |
_aBhargava Nidhi _9530412 |
||
| 110 |
_aUniversity of Delhi. Faculty of Medical Sciences. Department of Biochemistry _9520387 |
||
| 245 | 0 | _aStudy of role of P53 tumour suppressor gene in breast carcinomas by polymerase chain reaction | |
| 260 | _c1998 | ||
| 300 |
_a80p. _ap. _ccm. |
||
| 650 | _aBIOCHEMISTRY | ||
| 700 |
_a Dr A K Mandal Supervisor _9530413 |
||
| 700 |
_a Dr Alpana Saxena Supervisor _9530414 |
||
| 700 |
_a Dr Parthoprasad Chattopadhyay Supervisor _9530415 |
||
| 700 |
_a Dr V K Ramteke Supervisor _9530416 |
||
| 700 |
_aUniversity of Delhi. Faculty of Medical Sciences. Department of Biochemistry _9520389 |
||
| 942 |
_cDIS _2CC |
||
| 999 |
_c864306 _d864306 |
||